Detalles MARC
| 000 -LEADER |
| fixed length control field |
01835nam a2200469Ii 4500 |
| 001 - CONTROL NUMBER |
| control field |
DIGLIDFRO0035 |
| 003 - CONTROL NUMBER IDENTIFIER |
| control field |
NyNyDIG |
| 006 - FIXED-LENGTH DATA ELEMENTS--ADDITIONAL MATERIAL CHARACTERISTICS |
| fixed length control field |
m o d |
| 007 - PHYSICAL DESCRIPTION FIXED FIELD--GENERAL INFORMATION |
| fixed length control field |
cr ||||||||||| |
| 008 - FIXED-LENGTH DATA ELEMENTS--GENERAL INFORMATION |
| fixed length control field |
130401s1999 sp o 000 0 spa d |
| 020 ## - INTERNATIONAL STANDARD BOOK NUMBER |
| Canceled/invalid ISBN |
8482550152 |
| 020 ## - INTERNATIONAL STANDARD BOOK NUMBER |
| Canceled/invalid ISBN |
9788482550152 |
| 035 ## - SYSTEM CONTROL NUMBER |
| System control number |
(OCoLC)888268006 |
| 040 ## - CATALOGING SOURCE |
| Original cataloging agency |
DGITA |
| Language of cataloging |
eng |
| Description conventions |
pn |
| Transcribing agency |
DGITA |
| 041 1# - LANGUAGE CODE |
| Language code of text/sound track or separate title |
spa |
| Language code of original |
ger |
| 050 14 - LIBRARY OF CONGRESS CALL NUMBER |
| Classification number |
HX276 eBook |
| 100 1# - MAIN ENTRY--PERSONAL NAME |
| Personal name |
Marx, Karl, |
| Dates associated with a name |
1818-1883. |
| 240 10 - UNIFORM TITLE |
| Uniform title |
Manifest der Kommunistischen Partei |
| Language of a work |
Spanish |
| 245 13 - TITLE STATEMENT |
| Title |
El Manifiesto comunista / |
| Statement of responsibility, etc. |
K. Marx y F. Engels ; traducción del alemán de Wenceslao Roces. |
| 250 ## - EDITION STATEMENT |
| Edition statement |
2. ed. |
| 264 #1 - PRODUCTION, PUBLICATION, DISTRIBUTION, MANUFACTURE, AND COPYRIGHT NOTICE |
| Place of production, publication, distribution, manufacture |
Sant Cugat del Vallès, Barcelona : |
| Name of producer, publisher, distributor, manufacturer |
Amelia Romero, editora : |
| -- |
Los Libros de la Frontera, |
| Date of production, publication, distribution, manufacture, or copyright notice |
1999. |
| 300 ## - PHYSICAL DESCRIPTION |
| Extent |
1 online resource (95 pages) |
| 336 ## - CONTENT TYPE |
| Content type term |
text |
| Content type code |
txt |
| Source |
rdacontent |
| 337 ## - MEDIA TYPE |
| Media type term |
computer |
| Media type code |
c |
| Source |
rdamedia |
| 338 ## - CARRIER TYPE |
| Carrier type term |
online resource |
| Carrier type code |
cr |
| Source |
rdacarrier |
| 490 1# - SERIES STATEMENT |
| Series statement |
Papeles de ensayo ; |
| Volume/sequential designation |
7. |
| 500 ## - GENERAL NOTE |
| General note |
First ed. in Libros de la Frontera: 1996. |
| 500 ## - GENERAL NOTE |
| General note |
Spanish translation first published: Madrid: Editorial Cenit. Biblioteca Carlos Marx. 1932. |
| 500 ## - GENERAL NOTE |
| General note |
Translation of: Manifest der Kommunistischen Partei veröffentlicht im Februar 1848. London : Gedruckt in der Office der "Bildungs-Gesellschaft für Arbeiter" von J.E. Burghard, 1848. |
| 650 #0 - SUBJECT ADDED ENTRY--TOPICAL TERM |
| Topical term or geographic name entry element |
Comunisme. |
| 650 #0 - SUBJECT ADDED ENTRY--TOPICAL TERM |
| Topical term or geographic name entry element |
Socialism. |
| 650 #0 - SUBJECT ADDED ENTRY--TOPICAL TERM |
| Topical term or geographic name entry element |
Working class. |
| 655 #0 - INDEX TERM--GENRE/FORM |
| Genre/form data or focus term |
Electronic books. |
| 700 1# - ADDED ENTRY--PERSONAL NAME |
| Personal name |
Engels, Friedrich, |
| Dates associated with a name |
1820-1895. |
| 700 1# - ADDED ENTRY--PERSONAL NAME |
| Personal name |
Roces, Wenceslao, |
| Dates associated with a name |
1897-1992 |
| 791 2# - |
| -- |
Digitalia (Firm), |
| -- |
distributor. |
| 793 0# - |
| -- |
Digitalia eBook Collection: |
| -- |
Libros de la Frontera. |
| 830 #0 - SERIES ADDED ENTRY--UNIFORM TITLE |
| Uniform title |
Papeles de ensayo ; |
| Volume/sequential designation |
7. |
| 856 40 - ELECTRONIC LOCATION AND ACCESS |
| Materials specified |
Digitalia Hispánica |
| Uniform Resource Identifier |
<a href="https://www.digitaliapublishing.com/a/10110/">https://www.digitaliapublishing.com/a/10110/</a> |
| 910 ## - USER-OPTION DATA (OCLC) |
| User-option data |
Premium Collection: 2007-2012 |
| 942 ## - ADDED ENTRY ELEMENTS (KOHA) |
| Koha item type |
Recurso Electrónico |